000 00363nam a22001457a 4500
003 MACL
005 20170829132040.0
008 170829b xxu||||| |||| 00| 0 eng d
040 _cMACL
100 _aGoel, Sita Ram
_968680
245 _aHindu Society Under Siege
260 _aNew Delhi
_bVoice of India
_c2015
650 _aReligion
_968913
942 _2ddc
_cBK
999 _c56942
_d56942